Представление документа в формате RUSMARC

ПолеНазваниеЗначение
  Тип записи a
  Библиографический уровень a
001 Контрольный номер RU/CBS_UL/BASE/ea73868275364417b2df5a1859a2d453
005 Дата корректировки 20260414142438.9
100 Данные общей обработки __
a Данные общей обработки 20260414 ||| 0rusy0189 ca
101 Язык документа 0_
a Язык текста rus
102 Страна публикации __
a Страна публикации RU
200 Заглавие и сведения об ответственности 1_
a Заглавие Jaecoo J6: Suv №1 для внедорожных приключений
e Сведения, относящиеся к заглавию [на российском рынке дебютировал кроссовер Jaecoo J6]
300 Общие примечания __
a Общие примечания 16+
461 Уровень набора _0
1 2000
a За рулем
463 Уровень физической единицы _0
1 2000
a № 3
v С. 18-19 : фото
1 2101
d 2026
1 001RU/CBS_UL/BASE/0a9ad0c78bfa46c6a70124265e83ce14
606 Тематические рубрики 0_
a Основная рубрика Jaecoo J6, легковые автомобили
610 Ключевые слова 0_
a Ключевые слова автомобили
610 Ключевые слова 0_
a Ключевые слова легковые автомобили
610 Ключевые слова 0_
a Ключевые слова автомобили легковые
610 Ключевые слова 0_
a Ключевые слова дизайны автомобилей
610 Ключевые слова 0_
a Ключевые слова салоны автомобилей
610 Ключевые слова 0_
a Ключевые слова новые автомобили
610 Ключевые слова 0_
a Ключевые слова автомобили новые
610 Ключевые слова 0_
a Ключевые слова кроссоверы
610 Ключевые слова 0_
a Ключевые слова Jaecoo J6 (автомобили)
610 Ключевые слова 0_
a Ключевые слова Джейку Джей 6 (автомобили)
686 Индексы других классификаций __
2 Код системы rubbk
a Классификационный индекс 39.335.52
801 Источник записи _0
a Страна RU
b Организация МБУК ЦБС г. Ульяновска
c Дата составления 20260414
g Правила каталогизации RCR
801 Источник записи _1
a Страна RU
b Организация МБУК ЦБС г. Ульяновска
c Дата составления 20260414
g Правила каталогизации RCR
901 Тип документа __
t Тип документа b
w Контрольный № источника RU/CBS_UL/BASE/0a9ad0c78bfa46c6a70124265e83ce14
909 Создатель записи __
a Создатель записи lib2